002580000a220007300045001000020000002450095000203000053001157730016001681 aFritz, Marshall10aRestoring parental responsibility for education : The case for separating school and state aVol. 46, Num. 7 (Julio, 1997), Páginas 476-4790 tThe Freeman